Anni Albers Josef (Record no. 186493)

MARC details
000 -LEADER
campo de control de longitud fija 01271nam a2200325 i 4500
001 - NÚMERO DE CONTROL
campo de control 186493
003 - IDENTIFICADOR DE NÚMERO DE CONTROL
campo de control SpMaBN
005 - FECHA Y HORA DE LA ÚLTIMA TRANSACCIÓN
campo de control 20260214184140.0
008 - DATOS DE LONGITUD FIJA--INFORMACIÓN GENERAL
campo de control de longitud fija 161118s2006 sp ao c |||| |dspa d
020 ## - NÚMERO INTERNACIONAL ESTÁNDAR DEL LIBRO
Número Internacional Estándar del Libro 84-8026-307-5
080 ## - NÚMERO DE LA CLASIFICACIÓN DECIMAL UNIVERSAL
Número de la Clasificación Decimal Universal 745.52 Albers, Anni (083.824)
080 ## - NÚMERO DE LA CLASIFICACIÓN DECIMAL UNIVERSAL
Número de la Clasificación Decimal Universal 7 Albers, Josef (083.824)
080 ## - NÚMERO DE LA CLASIFICACIÓN DECIMAL UNIVERSAL
Número de la Clasificación Decimal Universal 7.031.2(=87)(083.824)
100 1# - ENTRADA PRINCIPAL--NOMBRE DE PERSONA
Nombre de persona Albers, Anni.
9 (RLIN) 161309
245 10 - MENCIÓN DEL TÍTULO
Título Anni Albers Josef
Resto del título : viajes por Latinoamérica : 14 de noviembre de 2006-12 de febrero de 2007 : [exposición] /
Mención de responsabilidad, etc. [comisaria, Brenda Danilowitz].
246 33 - FORMA VARIANTE DEL TITULO
Título propio/Titulo breve Anni y Josef Albers
260 ## - PUBLICACIÓN, DISTRIBUCIÓN, ETC.
Lugar de publicación, distribución, etc. [Madrid] :
Nombre del editor, distribuidor, etc. Museo Nacional Centro de Arte Reina Sofía,
Fecha de publicación, distribución, etc. [2006]
300 ## - DESCRIPCIÓN FÍSICA
Extensión 268 p. :
Otras características físicas principalmente il. col. y n., fot. ;
Dimensiones 29 cm.
504 ## - NOTA DE BIBLIOGRAFÍA, ETC.
Nota de bibliografía, etc. Bibliografía: p. [221]
546 ## - NOTA DE IDIOMA
Nota de lengua/lenguaje Texto en español e inglés.
600 17 - PUNTO DE ACCESO ADICIONAL DE MATERIA--NOMBRE DE PERSONA
Nombre de persona Albers, Anni-
Subdivisión de forma Exposiciones.
9 (RLIN) 161310
600 17 - PUNTO DE ACCESO ADICIONAL DE MATERIA--NOMBRE DE PERSONA
Nombre de persona Albers, Josef,
Fechas asociadas al nombre 1888-1976-
Subdivisión de forma Exposiciones
Fuente del encabezamiento o término
9 (RLIN) 155785
650 04 - PUNTO DE ACCESO ADICIONAL DE MATERIA--TÉRMINO DE MATERIA
Término de materia o nombre geográfico como elemento de entrada Arte precolombino-
Subdivisión de forma Exposiciones
9 (RLIN) 10267
655 #7 - TERMINO DE INDIZACIÓN--GENERO/FORMA
Fuente del término tgfbne
9 (RLIN) 193628
Datos o término principal de género/forma Catálogos de exposiciones
700 0# - ENTRADA AGREGADA--NOMBRE PERSONAL
Nombre de persona Albers, Josef,
Fechas asociadas al nombre 1888-1976
9 (RLIN) 19303
710 2# - ENTRADA AGREGADA--NOMBRE DE ENTIDAD CORPORATIVA
Nombre de entidad corporativa o nombre de jurisdicción como elemento de entrada Museo Nacional Centro de Arte Reina Sofía
9 (RLIN) 147737
852 ## - LOCALIZACIÓN
Ubicación ES-MaACL
Número de control de estantería L-30837
Nota libre - enc. tela
942 ## - ELEMENTOS DE ENTRADA SECUNDARIOS (KOHA)
Fuente del sistema de clasificación o colocación Clasificación decimal universal
Holdings
Estatus retirado Estado de pérdida Estado de daño No para préstamo Biblioteca de origen Biblioteca actual Ubicación en estantería Fecha de adquisición Fuente de adquisición Total de préstamos Signatura topográfica completa Código de barras Visto por última vez Precio de reemplazo Tipo de ítem Koha
        Biblioteca del Ateneo de Madrid Biblioteca del Ateneo de Madrid Depósito 2 18/11/2016     L-30837 1196659 23/02/2023 23/02/2023 Libro impreso